Análisis del discurso: hacia una semiótica de la interacción textual
保存先:
| 主要な著者: | , , |
|---|---|
| フォーマット: | 図書 |
| 言語: | スペイン語 |
| 出版事項: |
Madrid
Cátedra
1989
|
| 版: | 3a. ed |
| シリーズ: | Colección Crítica y Estudios Literarios
|
| 主題: | |
| タグ: |
タグ追加
タグなし, このレコードへの初めてのタグを付けませんか!
|
MARC
| LEADER | 00000cam a2200000 a 4500 | ||
|---|---|---|---|
| 001 | UCP8414 | ||
| 003 | CL-VaPUC | ||
| 008 | 000114e19890000SP |||||||||||||||||spa|d | ||
| 020 | |a 9788437603629 | ||
| 082 | 0 | 4 | |a 401.41 |b LOZ |2 21 |
| 100 | |a Lozano, Jorge |e autor |9 438358 | ||
| 700 | 0 | |a Peña-Marín, Cristina |e author |9 438359 | |
| 700 | 0 | |a Abril, Gonzalo |e author |9 438360 | |
| 245 | 1 | 0 | |a Análisis del discurso: hacia una semiótica de la interacción textual |
| 250 | |a 3a. ed | ||
| 300 | |a 253 p | ||
| 942 | |c BK | ||
| 945 | |d 20000114 00:00:00 |a rbrito | ||
| 260 | |a Madrid |b Cátedra |c 1989 | ||
| 650 | 0 | |a Filosofía del lenguaje |9 257082 | |
| 650 | 0 | |a Semiótica |9 265317 | |
| 650 | 0 | |a Oratoria |9 307605 | |
| 650 | 0 | |a Análisis del discurso |9 256696 | |
| 583 | |a last modification |c 20130730 05:45:27 |k Rodrigo Vera | ||
| 490 | 0 | |a Colección Crítica y Estudios Literarios | |
| 999 | |c 285314 |d 285312 | ||
| 952 | |0 0 |1 0 |4 0 |6 401_410000000000000_LOZ_1989 |7 0 |8 A |9 329836 |a BIBCUR |b BIBCUR |d 2019-11-20 |i 3591379 |o 401.41 LOZ 1989 |p 3591379 |r 2025-04-22 |w 2019-11-20 |y BK |k PER | ||
| 952 | |0 0 |1 0 |2 ddc |4 0 |6 401_410000000000000_LOZ_1989 |7 0 |8 A |9 329837 |a BIBEDU |b BIBEDU |d 2019-11-20 |i 4992474 |l 7 |m 3 |o 401.41 LOZ 1989 |p 4992474 |r 2024-09-23 |s 2024-09-06 |w 2019-11-20 |y BK |k LIT | ||